000 00298nam a22001217a 4500
008 170529b xxu||||| |||| 00| 0 eng d
041 _aGER
080 _a621
100 _a27
101 _aIM
245 _aAUTOMATISCHE REGELSYSTEM MIT VERADERLICHER STRUCTUR
_cEMELJANOV.S.V
942 _2udc
_cBK
999 _c14789
_d14789